<?xml version="1.0" encoding="UTF-8"?>
<record
    xmlns:xsi="http://www.w3.org/2001/XMLSchema-instance"
    xsi:schemaLocation="http://www.loc.gov/MARC21/slim http://www.loc.gov/standards/marcxml/schema/MARC21slim.xsd"
    xmlns="http://www.loc.gov/MARC21/slim">

  <leader>00662cam a2200205 i 4500</leader>
  <datafield tag="999" ind1=" " ind2=" ">
    <subfield code="c">57518</subfield>
    <subfield code="d">57518</subfield>
  </datafield>
  <controlfield tag="001">20405428</controlfield>
  <controlfield tag="005">20221107152707.0</controlfield>
  <controlfield tag="008">180313s2019    nyuabf   b    001 0 eng c</controlfield>
  <datafield tag="020" ind1=" " ind2=" ">
    <subfield code="a">9781501102370x</subfield>
  </datafield>
  <datafield tag="041" ind1=" " ind2=" ">
    <subfield code="a">eng</subfield>
  </datafield>
  <datafield tag="080" ind1=" " ind2=" ">
    <subfield code="a">327+94 S-82</subfield>
  </datafield>
  <datafield tag="100" ind1="1" ind2=" ">
    <subfield code="a">Steil, Benn,</subfield>
    <subfield code="e">author.</subfield>
    <subfield code="9">8949</subfield>
  </datafield>
  <datafield tag="245" ind1="1" ind2="4">
    <subfield code="a">The Marshall Plan :</subfield>
    <subfield code="b">dawn of the Cold War /</subfield>
    <subfield code="c">Benn Steil.</subfield>
  </datafield>
  <datafield tag="250" ind1=" " ind2=" ">
    <subfield code="a">First Simon &amp; Schuster hardcover edition.</subfield>
  </datafield>
  <datafield tag="264" ind1=" " ind2="4">
    <subfield code="c">2019.</subfield>
    <subfield code="a">New York, NY :</subfield>
    <subfield code="b">Simon &amp; Schuster,</subfield>
  </datafield>
  <datafield tag="300" ind1=" " ind2=" ">
    <subfield code="a">608 pages, 16 unnumbered pages of plates ;</subfield>
    <subfield code="b">illustrations, maps ;</subfield>
    <subfield code="c">24 cm.</subfield>
  </datafield>
  <datafield tag="653" ind1=" " ind2=" ">
    <subfield code="a">&#x10D8;&#x10E1;&#x10E2;&#x10DD;&#x10E0;&#x10D8;&#x10D0;</subfield>
  </datafield>
  <datafield tag="653" ind1=" " ind2=" ">
    <subfield code="a">&#x10DE;&#x10DD;&#x10DA;&#x10D8;&#x10E2;&#x10D8;&#x10D9;&#x10D0;</subfield>
  </datafield>
  <datafield tag="942" ind1=" " ind2=" ">
    <subfield code="2">udc</subfield>
    <subfield code="c">BK</subfield>
  </datafield>
  <datafield tag="952" ind1=" " ind2=" ">
    <subfield code="0">0</subfield>
    <subfield code="1">0</subfield>
    <subfield code="2">udc</subfield>
    <subfield code="4">0</subfield>
    <subfield code="6">32794_S82</subfield>
    <subfield code="7">0</subfield>
    <subfield code="9">89229</subfield>
    <subfield code="a">CPL</subfield>
    <subfield code="b">CPL</subfield>
    <subfield code="c">GEN</subfield>
    <subfield code="d">2020-07-01</subfield>
    <subfield code="g">70.00</subfield>
    <subfield code="o">327+94 S-82</subfield>
    <subfield code="p">60714</subfield>
    <subfield code="r">2020-07-01</subfield>
    <subfield code="t">60714</subfield>
    <subfield code="w">2020-07-01</subfield>
    <subfield code="y">BK</subfield>
    <subfield code="z">70 &#x10DA;.</subfield>
  </datafield>
</record>
